[Event "Fouesnant op 12th"]
[Site "Fouesnant"]
[Date "2006.11.02"]
[Round "7"]
[White "Baugin, Alain"]
[Black "Frison, Stephane"]
[Result "1-0"]
[WhiteElo "2110"]
[BlackElo "1871"]
[PlyCount "135"]
[EventDate "2006.10.28"]
[EventType "swiss"]
[EventRounds "9"]
[EventCountry "FRA"]
[SourceTitle "EXT 2008"]
[Source "ChessBase"]
[SourceDate "2007.11.25"]
[SourceVersion "1"]
[SourceVersionDate "2007.11.25"]
[SourceQuality "1"]

1. c4 Nf6 2. Nc3 g6 3. g3 Bg7 4. Bg2 0-0 5. Nf3 d6 6. 0-0 Nbd7 7. d3 c6 8. Rb1 e5 9. b4 Ne8 10. Qb3 h6 11. b5 Nc5 12. Qc2 Bd7 13. a4 Nf6 14. Ba3 Qc7 15. Nxe5 Ne6 16. Nxd7 Qxd7 17. e3 Rfe8 18. a5 a6 19. bxc6 bxc6 20. Rb6 Rec8 21. Rfb1 Ng5 22. Ne2 Nh3+ 23. Bxh3 Qxh3 24. Nf4 Qd7 25. Qd1 g5 26. Nh5 Ng4 27. Bb2 Bxb2 28. R1xb2 Qf5 29. Qxg4 Qxg4 30. Nf6+ Kg7 31. Nxg4 h5 32. f3 hxg4 33. fxg4 d5 34. Kg2 dxc4 35. dxc4 Re8 36. Re2 Re5 37. Ra2 Re6 38. h4 gxh4 39. gxh4 Re4 40. Rxc6 Rxg4+ 41. Kh3 Re4 42. Rg2+ Kf8 43. Rg3 Ke7 44. c5 Rh8 45. Rxa6 Rexh4+ 46. Kg2 Rc8 47. Rf3 Rxc5 48. Ra7+ Ke6 49. Rfxf7 Rxa5 50. Rxa5 Kxf7 51. Ra6 Rh5 52. Kf3 Rb5 53. Kf4 Ke7 54. e4 Kf7 55. Ra7+ Ke6 56. Rh7 Rb1 57. Rh6+ Ke7 58. Kf5 Rb5+ 59. e5 Ke8 60. Rd6 Ke7 61. Ra6 Rc5 62. Ra7+ Ke8 63. Kf6 Rc1 64. Ra8+ Kd7 65. e6+ Kc7 66. e7 Rf1+ 67. Kg5 Rg1+ 68. Kh4 1-0

[Event "Fouesnant op 11th"]
[Site "Fouesnant"]
[Date "2005.10.25"]
[Round "5"]
[White "Baugin, Alain"]
[Black "Jouneau, Quentin"]
[Result "1/2-1/2"]
[WhiteElo "2098"]
[BlackElo "1832"]
[PlyCount "114"]
[EventDate "2005.10.22"]
[EventType "swiss"]
[EventRounds "9"]
[EventCountry "FRA"]
[SourceTitle "EXT 2007"]
[Source "ChessBase"]
[SourceDate "2006.11.23"]
[SourceVersion "1"]
[SourceVersionDate "2006.11.23"]
[SourceQuality "1"]

1. f4 Nf6 2. Nf3 d6 3. b3 g6 4. Bb2 Bg7 5. e4 Nh5 6. Bxg7 Nxg7 7. Nc3 Bg4 8. h3 Bxf3 9. Qxf3 e5 10. 0-0-0 Nd7 11. f5 gxf5 12. exf5 c6 13. d4 Qg5+ 14. Kb1 Qxf5 15. Qe3 0-0-0 16. Bd3 exd4 17. Qxd4 Qe5 18. Qxe5 Nxe5 19. Be2 Nf5 20. g4 Ng3 21. Rh2 h5 22. gxh5 Nxe2 23. Rxe2 Rxh5 24. Ne4 Kc7 25. Re3 Ng6 26. Rf3 Ne5 27. Rg3 d5 28. Nf2 Rf5 29. Nd3 Nxd3 30. Rdxd3 Rh5 31. Rdf3 f5 32. Kc1 Rdh8 33. Rg7+ Kb6 34. Rf7 Rxh3 35. R3xf5 R8h7 36. Kd2 a5 37. a4 Kc5 38. Rxh7 Rxh7 39. Rf3 b5 40. Rc3+ Kb6 41. axb5 Kxb5 42. Rg3 a4 43. bxa4+ Kxa4 44. Rb3 Rh2+ 45. Kc1 c5 46. Rb8 d4 47. Rb7 c4 48. Kd1 c3 49. Rb8 Rh5 50. Ke2 Rb5 51. Rd8 Ka3 52. Rxd4 Kb2 53. Kd3 Rc5 54. Rb4+ Kc1 55. Rb3 Rd5+ 56. Kc4 Kxc2 57. Rxc3+ Kb2 1/2-1/2

[Event "Fouesnant op 10th"]
[Site "Fouesnant"]
[Date "2004.10.26"]
[Round "5"]
[White "Baugin, Alain"]
[Black "Roche, Yves"]
[Result "1/2-1/2"]
[WhiteElo "2158"]
[BlackElo "2059"]
[PlyCount "173"]
[EventDate "2004.10.23"]
[EventType "swiss"]
[EventRounds "9"]
[EventCountry "FRA"]
[SourceTitle "EXT 2007"]
[Source "ChessBase"]
[SourceDate "2006.11.23"]
[SourceVersion "1"]
[SourceVersionDate "2006.11.23"]
[SourceQuality "1"]

1. f4 d5 2. Nf3 Nf6 3. e3 e6 4. b3 Be7 5. Bb2 c5 6. Ne5 0-0 7. Bd3 b6 8. 0-0 Bb7 9. f5 d4 10. fxe6 fxe6 11. exd4 cxd4 12. Qe2 Bc5 13. Na3 Nbd7 14. Rae1 Re8 15. Nac4 a5 16. Nxd7 Qxd7 17. Ne5 Qe7 18. a4 Be4 19. Kh1 Bxd3 20. Qxd3 Qd6 21. Qg3 Rf8 22. Qh3 Ne4 23. Nf3 Qd5 24. d3 Ng5 25. Nxg5 Qxg5 26. Qxe6+ Kh8 27. Bc1 Qh5 28. Rxf8+ Rxf8 29. Kg1 h6 30. Qe2 Qh4 31. g3 Qh3 32. Rf1 Rc8 33. Qg2 Qe6 34. Bf4 Bb4 35. h3 Rc6 36. Rf2 Qe1+ 37. Kh2 Re6 38. Bd2 Bxd2 39. Rxd2 Re3 40. Qf2 Qc1 41. Re2 Qd1 42. Rd2 Qc1 43. h4 Kg8 44. Kg2 Kh8 45. Qf8+ Kh7 46. Rf2 Re1 47. Qf5+ Kh8 48. Qd5 Kh7 49. Qxd4 Rg1+ 50. Kf3 Qd1+ 51. Kf4 Re1 52. g4 Re8 53. Kg3 Qg1+ 54. Kh3 Re2 55. Rxe2 Qxd4 56. Rg2 Qf4 57. h5 g6 58. Rg3 Kg7 59. d4 Qxd4 60. Rd3 Qe4 61. Rd7+ Kf8 62. hxg6 Qxg6 63. c3 h5 64. Rd4 hxg4+ 65. Rxg4 Qe6 66. b4 Qh6+ 67. Kg3 Qe3+ 68. Kh4 Qxc3 69. bxa5 bxa5 70. Rf4+ Ke7 71. Kg4 Kd6 72. Kf5 Kc6 73. Re4 Kd5 74. Rf4 Qg7 75. Rg4 Qe7 76. Rf4 Qe6+ 77. Kg5 Ke5 78. Rg4 Qf6+ 79. Kh5 Kf5 80. Rf4+ Ke5 81. Rxf6 Kxf6 82. Kg4 Ke5 83. Kf3 Kd4 84. Ke2 Kc3 85. Kd1 Kb3 86. Kc1 Kxa4 87. Kb2 1/2-1/2

[Event "Fouesnant op 10th"]
[Site "Fouesnant"]
[Date "2004.10.23"]
[Round "1"]
[White "Baugin, Alain"]
[Black "Gosselin, David"]
[Result "0-1"]
[WhiteElo "2158"]
[BlackElo "2052"]
[PlyCount "63"]
[EventDate "2004.10.23"]
[EventType "swiss"]
[EventRounds "9"]
[EventCountry "FRA"]
[SourceTitle "EXT 2007"]
[Source "ChessBase"]
[SourceDate "2006.11.23"]
[SourceVersion "1"]
[SourceVersionDate "2006.11.23"]
[SourceQuality "1"]

1. b3 Nf6 2. Bb2 d5 3. e3 Nc6 4. f4 d4 5. Na3 e5 6. fxe5 Ng4 7. e4 Ngxe5 8. Nf3 Bg4 9. Qe2 d3 10. Qe3 Bxf3 11. gxf3 Qh4+ 12. Kd1 0-0-0 13. Nb5 dxc2+ 14. Kxc2 Nb4+ 15. Kb1 Nec6 16. a3 Na6 17. Ka2 Bc5 18. d4 Bb6 19. f4 Kb8 20. Bh3 Rhe8 21. Rad1 g5 22. Rhf1 gxf4 23. Rxf4 Qh5 24. Rdf1 Qxb5 25. Rxf7 Nxd4 26. Rxh7 Ne2 27. Qf3 Rd3 28. Qf7 Nc3+ 29. Ka1 Nb4 30. Bxc3 Rxc3 31. Rh8 Rc1+ 32. Rxc1 0-1

[Event "Plancoet op 4th"]
[Site "Plancoet"]
[Date "2004.07.29"]
[Round "6"]
[White "Alanic, Xavier"]
[Black "Baugin, Alain"]
[Result "1-0"]
[WhiteElo "2201"]
[BlackElo "2172"]
[PlyCount "95"]
[EventDate "2004.07.25"]
[EventType "swiss"]
[EventRounds "9"]
[EventCountry "FRA"]
[SourceTitle "CBM 101 Extra"]
[Source "ChessBase"]
[SourceDate "2004.09.01"]
[SourceVersion "2"]
[SourceVersionDate "2004.09.01"]
[SourceQuality "1"]

1. c4 f5 2. Nc3 Nf6 3. g3 e6 4. Bg2 d5 5. b3 c5 6. e3 d4 7. Nce2 Nc6 8. d3 e5 9. Nh3 dxe3 10. Bxe3 Nb4 11. Nc1 f4 12. gxf4 Bxh3 13. Bxh3 exf4 14. Bxf4 Qd4 15. Qe2+ Be7 16. Be5 Qh4 17. Be6 Rd8 18. Rg1 Kf8 19. Kf1 Nc6 20. Bg3 Qd4 21. Rb1 h5 22. Qe3 Ng4 23. Bxg4 hxg4 24. Ne2 Qxd3 25. Qxd3 Rxd3 26. Nf4 Rd6 27. Nd5 Re6 28. Nxe7 Kxe7 29. Kg2 Kf7 30. Rgd1 Rhe8 31. Rd5 b6 32. Rb2 Re2 33. Rxe2 Rxe2 34. Rd7+ Re7 35. Rd6 Re6 36. Rd2 Nd4 37. Bf4 Re4 38. Bb8 a6 39. Ba7 b5 40. cxb5 axb5 41. Bxc5 Ne6 42. Be3 Nf4+ 43. Bxf4 Rxf4 44. Kg3 Re4 45. a3 Ke6 46. Rd8 Kf6 47. Rd5 b4 48. a4 1-0

[Event "Agneaux St Lo op-A 08th"]
[Site "Agneaux"]
[Date "2004.02.15"]
[Round "2"]
[White "Baugin, Alain"]
[Black "Shirazi, Kamran"]
[Result "0-1"]
[WhiteElo "2141"]
[BlackElo "2423"]
[PlyCount "62"]
[EventDate "2004.02.14"]
[EventType "swiss"]
[EventRounds "7"]
[EventCountry "FRA"]
[SourceTitle "EXT 2005"]
[Source "ChessBase"]
[SourceDate "2004.11.15"]
[SourceVersion "1"]
[SourceVersionDate "2004.11.15"]
[SourceQuality "1"]

1. b3 e5 2. Bb2 Nc6 3. e3 a6 4. c4 Nf6 5. Nc3 d5 6. cxd5 Nxd5 7. Nf3 Bf5 8. Nxd5 Qxd5 9. Bc4 Qd6 10. 0-0 f6 11. Nh4 Bd3 12. Bxd3 Qxd3 13. Qh5+ g6 14. Qf3 Be7 15. Rac1 0-0-0 16. Rfd1 f5 17. Qh3 Rd6 18. f4 Bf6 19. fxe5 Nxe5 20. Bxe5 Bxe5 21. Nf3 Bb2 22. Rc4 b5 23. Rh4 h5 24. e4 Rf8 25. exf5 Rxf5 26. Rf4 Rdd5 27. Rf1 Kb7 28. Rxf5 Rxf5 29. g4 Bd4+ 30. Kh1 hxg4 31. Qxg4 Qxf1+ 0-1

[Event "Plancoet op 3rd"]
[Site "Plancoet"]
[Date "2003.07.27"]
[Round "2"]
[White "Komljenovic, Davorin"]
[Black "Baugin, Alain"]
[Result "1-0"]
[WhiteElo "2434"]
[BlackElo "2129"]
[PlyCount "79"]
[EventDate "2003.07.26"]
[EventType "swiss"]
[EventRounds "9"]
[EventCountry "FRA"]
[SourceTitle "CBM 095 Extra"]
[Source "ChessBase"]
[SourceDate "2003.09.04"]
[SourceVersion "1"]
[SourceVersionDate "2003.09.04"]
[SourceQuality "1"]

1. c4 f5 2. d4 Nf6 3. Nf3 e6 4. g3 b6 5. Bg2 Bb7 6. 0-0 Be7 7. d5 0-0 8. Nc3 Bb4 9. Nd4 Bxc3 10. bxc3 Re8 11. Ba3 Na6 12. Qc2 Qc8 13. Rfd1 Nc5 14. Bxc5 bxc5 15. Nb3 d6 16. Na5 e5 17. Nxb7 Qxb7 18. Qxf5 Qb2 19. Qd3 e4 20. Qe3 Ng4 21. Qf4 h5 22. Bxe4 Re5 23. Bf3 Rf8 24. Qd2 Qb8 25. Rf1 Qe8 26. a4 Qg6 27. h4 Nh6 28. Rab1 Nf5 29. Qg5 Qe8 30. Qxh5 Qxa4 31. Qg4 Nh6 32. Qg6 Qxc4 33. Rb7 Re7 34. Rxa7 Nf7 35. Qd3 Qxd3 36. exd3 Ne5 37. Be4 Rb8 38. Rfa1 Rb3 39. f4 Nd7 40. Rxc7 1-0

[Event "Plancoet op 2nd"]
[Site "Plancoet"]
[Date "2002.08.01"]
[Round "7.5"]
[White "Theon, Pierre"]
[Black "Baugin, Alain"]
[Result "0-1"]
[WhiteElo "2221"]
[BlackElo "2124"]
[PlyCount "46"]
[EventDate "2002.07.23"]
[EventType "swiss"]
[EventRounds "9"]
[EventCountry "FRA"]
[SourceTitle "EXT 2003"]
[Source "ChessBase"]
[SourceDate "2002.11.25"]
[SourceVersion "1"]
[SourceVersionDate "2002.11.25"]
[SourceQuality "1"]

1. e4 e6 2. Nf3 d5 3. Nc3 c5 4. exd5 exd5 5. d4 Be6 6. Bb5+ Nc6 7. Ne5 Qc7 8. Qe2 Bd6 9. Nxd5 Bxd5 10. Nxc6+ Kf8 11. Ne5 Nf6 12. Bg5 a6 13. Bc4 Re8 14. 0-0-0 Bxe5 15. dxe5 Rxe5 16. Be3 Bxg2 17. Rhg1 Bd5 18. Bxd5 Nxd5 19. Bxc5+ Kg8 20. Rxg7+ Kxg7 21. Bd4 Rhe8 22. Qg4+ Kf8 23. f4 Ne3 0-1

[Event "FRA-chT3 01"]
[Site "France"]
[Date "2000.11.19"]
[Round "3"]
[White "Baugin, Alain"]
[Black "Guillet, Martin"]
[Result "0-1"]
[WhiteElo "2110"]
[BlackElo "2140"]
[PlyCount "74"]
[EventDate "2001.??.??"]
[EventType "team"]
[EventRounds "9"]
[EventCountry "FRA"]
[SourceTitle "EXT 2002"]
[Source "ChessBase"]
[SourceDate "2001.11.25"]
[SourceVersion "1"]
[SourceVersionDate "2001.11.25"]
[SourceQuality "1"]
[WhiteTeam "Equeurdreville"]
[BlackTeam "Sautron"]
[WhiteTeamCountry "FRA"]
[BlackTeamCountry "FRA"]

1. f4 d5 2. Nf3 g6 3. c4 c6 4. e3 Bg7 5. Nc3 Nf6 6. d4 0-0 7. Bd3 a6 8. c5 Bf5 9. Ne5 Nbd7 10. Bxf5 gxf5 11. Bd2 Nxe5 12. fxe5 Ne4 13. Qh5 e6 14. g4 f6 15. gxf5 fxe5 16. Nxe4 dxe4 17. fxe6 Qf6 18. 0-0-0 Qxe6 19. Rhg1 Kh8 20. Bc3 Rf7 21. Rxg7 Kxg7 22. d5 Rf5 23. Qg4+ Qg6 24. Qxe4 cxd5 25. Bxe5+ Kf8 26. Qxd5 Re8 27. Bd6+ Kg7 28. Qxb7+ Kh8 29. Qb3 Rf2 30. c6 Rxe3 31. Be5+ Rxe5 32. Qb8+ Re8 33. Qb3 Qxc6+ 34. Kb1 Qg6+ 35. Ka1 Qc2 36. Qxc2 Rxc2 37. a4 Rxh2 0-1

[Event "FRA-chT3 01"]
[Site "France"]
[Date "2000.10.15"]
[Round "1"]
[White "Baugin, Alain"]
[Black "Rate, Bruno"]
[Result "1/2-1/2"]
[WhiteElo "2110"]
[BlackElo "2045"]
[PlyCount "90"]
[EventDate "2001.??.??"]
[EventType "team"]
[EventRounds "9"]
[EventCountry "FRA"]
[SourceTitle "EXT 2002"]
[Source "ChessBase"]
[SourceDate "2001.11.25"]
[SourceVersion "1"]
[SourceVersionDate "2001.11.25"]
[SourceQuality "1"]
[WhiteTeam "Equeurdreville"]
[BlackTeam "Suce sur Erdre"]
[WhiteTeamCountry "FRA"]
[BlackTeamCountry "FRA"]

1. b3 e5 2. Bb2 Nc6 3. e3 Nf6 4. Bb5 d6 5. d4 exd4 6. exd4 a6 7. Bxc6+ bxc6 8. Nd2 Be7 9. Ngf3 0-0 10. 0-0 Bg4 11. c4 h6 12. Qc2 Qd7 13. Rfe1 Rfe8 14. Rac1 Nh7 15. c5 Bf5 16. Qc3 d5 17. Ne5 Qe6 18. Qg3 Nf6 19. Ng4 Ne4 20. Nxe4 Bxg4 21. f3 Bf5 22. Nd2 Qd7 23. Qf2 Bf6 24. Nf1 a5 25. Bc3 a4 26. Rxe8+ Qxe8 27. Re1 Qd7 28. Ne3 axb3 29. axb3 Be6 30. Qb2 Bg5 31. b4 Qe8 32. Ng4 Qb8 33. Ne5 Qb5 34. Qe2 Bf5 35. Qxb5 cxb5 36. Ra1 Rxa1+ 37. Bxa1 Bd2 38. Kf2 Kf8 39. g4 Bc2 40. Nc6 Bd1 41. h4 Ke8 42. Na7 Ba4 43. Nc6 f6 44. Ke2 Bf4 45. Bc3 Bb3 1/2-1/2